Statistics for American History by Letter - A

Click here to take the quiz!

General Stats

  • This quiz has been taken 279 times
  • The average score is 10 of 15

Answer Stats

Question Answer % Correct
The first man on the moonArmstrong
97%
Second presidentAdams
96%
The civil rights movement began in Montgomery, in this stateAlabama
95%
Bill Clinton's home stateArkansas
92%
Famous boxer and activistAli
90%
"Remember the _____!"Alamo
84%
In 2001, Operation Enduring freedom led to the invasion of this countryAfghanistan
82%
Notable traitor during American revolutionArnold
62%
President who succeeded Garfield after he was assasinatedArthur
61%
The subject of Seward's FollyAlaska
54%
First American constitutionArticles of Confederation
53%
The court house where General Lee surrenderedAppomattox
52%
Home of the nation's most hallowed groundArlington
51%
Site of bloodiest single day battle in U.S. historyAntietam
49%
Border dispute often called the Pork and Beans WarAroostook War
5%

Score Distribution

Percentile by Number Answered

Percent of People with Each Score

Your Score History

You have not taken this quiz